| 000 | 01369nam a22002777a 4500 | ||
|---|---|---|---|
| 005 | 20170124103005.0 | ||
| 010 | _a718760 | ||
| 020 | _c05.00 | ||
| 035 | _a718760 | ||
| 037 | _bCen Lib/Ret | ||
| 040 |
_aDPL _bHN |
||
| 082 |
_aक _bप्रस्थिति |
||
| 245 |
_aप्रस्थिति-चार : _cसम्पादक गुर इकबालसिंह [और] प्रेम सक्सेना _bराजस्थान के सृजन-शील शिक्षकों का कहानी संग्रह / |
||
| 246 |
_aPrasthiti-chaar : Rajasthan ke srijan-sheel shikshakon ka kahani sangreh / _bsampadak Gur Ikbalsingh [and] Prem Saksena |
||
| 260 |
_aबीकानेर _bकल्पना प्रकाशन _c1972 |
||
| 270 |
_aकृष्ण कुंज _bबीकानेर |
||
| 300 |
_a162पृ. _c22सेमी (सजिल्द) |
||
| 500 | _aअनुक्रमाणिका शामिल | ||
| 650 |
_aहिन्दी -- साहित्य _956138 |
||
| 650 |
_aहिन्दी -- कहानी _9779 |
||
| 650 |
_aHindi -- Literature _956139 |
||
| 650 |
_aHindi -- story _943117 |
||
| 700 |
_aगुर इकबालसिंह _956140 |
||
| 700 |
_aसक्सेना, प्रेम _956141 |
||
| 942 |
_2ddc _cHN _hक _mप्रस्थिति |
||
| 999 |
_c114267 _d114267 |
||